සංගීත ශිල්පය II /
Saved in:
| Format: | Book |
|---|---|
| Published: |
[තැ.නො] :
[ප්ර.නො.],
2000.
|
| Tags: |
Add Tag
No Tags, Be the first to tag this record!
|
MARC
| LEADER | 00000nam a2200000 4500 | ||
|---|---|---|---|
| 003 | LK-CoNLD | ||
| 005 | 20260324154821.0 | ||
| 008 | 260320b |||||||| |||| 00| 0 ||| d | ||
| 015 | |2 slnb | ||
| 017 | |b LK-CoDNA | ||
| 040 | |a LK-CoNLD |b SIN |c LK-CoNLD |d LK-CoNLD | ||
| 082 | |2 23 |q LK-CoNLD | ||
| 245 | |a සංගීත ශිල්පය II / |c කේමා ධීරසිංහ ලොකුගේ. | ||
| 260 | |a [තැ.නො] : |b [ප්ර.නො.], |c 2000. | ||
| 300 | |a පි. 67 ; |c සෙමී. 21. | ||
| 942 | |c BOOK | ||
| 945 | |a 21055 |b M. G. D. NAWODA |c 21055 |d M. G. D. NAWODA | ||
| 999 | |c 298372 |d 298372 | ||